All Teams Ever Managed and Played For by Cesare Prandelli - Statistics

General Stats
  • This quiz has been taken 39 times
  • The average score is 9 of 17
Answer Stats
Group Years Answer % Correct
Player 1979-1985 Juventus
91%
Manager 2020- Fiorentina
85%
Manager 2005-2010 Fiorentina
85%
Manager 2004 AS Roma
79%
Manager 2018-2019 Genoa
74%
Manager 2010-2014 Italy
68%
Manager 2002-2004 Parma
65%
Manager 1993-1994 Atalanta
62%
Player 1985-1990 Atalanta
62%
Player 1978-1979 Atalanta
62%
Manager 1997-1998 Lecce
35%
Manager 1998-2000 Verona
35%
Manager 2000-2001 Venezia
29%
Manager 2016 Valencia
26%
Manager 2014 Galatasaray
18%
Player 1974-1978 Cremonese
15%
Manager 2017-2018 Al Nasr
9%
No matching quizzes found
Score Distribution
Percent of People with Each Score
Percentile by Number Answered
Your Score History
You have not taken this quiz